000 00827nam a2200229 4500
001 148211
003 ES-MaACL
005 20231205205049.0
007 t|
008 070214s1964 sp r ||||1| spa d
100 1 _aStokvis, Berthold.
_9108283
245 1 0 _aPsicoterapia para el médico práctico /
_cBerthold Stokvis ; [traducción y notas del Dr. A. Linares Maza ; prólogo del doctor J. Rof Carballo].
250 _a1ª ed.
260 _aMadrid :
_bMorata,
_c[1964] (
_fSamarán)
300 _a4h., 157 p. ;
_c21 cm.
500 _aTraducción de: Psichotherapie für den praktischen Artz.
700 1 _aLinares Maza, Antonio.
_972351
700 1 _aRof Carballo, Juan,
_d1905-1994
_998915
740 0 _aPsichotherapie für den praktischen Artz.
852 _aES-MaACL
_jC-24630
_bR.53436
999 _c148211
_d148211